000 00667nam a2200205 a 4500
005 20210219153935.0
008 011023s1995 mx r 000 0 spa d
020 _a9682319684
035 _aUPN01000113639
049 _aCG
050 4 _aF1210.5
_bC6.68
245 0 3 _aLa conexión México-California /
_cHarold Brackman ... [et al.] ; comp. Abraham F. Lowenthal ; tr. Stella Mastrángelo.
260 _aMéxico :
_bSiglo XXI,
_c1995.
300 _a374 p.
440 0 _aSociología y política
650 4 _aMEXICANOS EN LOS ESTADOS UNIDOS -
_xESTUDIO DE CASOS
700 1 _aBrackman, Harold,
_bcouat.
700 1 _aLowenthal, Abraham F.,
_ecomp.
905 _aLibro
999 _c87547
_d87547